| 000 | 00551nam a2200157 a 4500 | ||
|---|---|---|---|
| 008 | 120416s0000 ||||||||||||||||| || u | ||
| 020 | _a0719910870 | ||
| 050 | _aHV 7725 Bro | ||
| 100 | _aBrown, John, 1924- | ||
| 245 | 1 | 0 | _aPolicing by multi-racial consent |
| 246 | _athe Hadsworth experience | ||
| 260 |
_aLondon _bBedford Square Press _c1982 |
||
| 300 | _axv, 174p. : ill | ||
| 350 | _a0.00 | ||
| 995 |
_D0.00 _FCBU-MAIN LIBRARY (Kitwe) _H1 _I18.95 _UAVAILABLE _ZAnnex Low-Usage Collection |
||
| 999 |
_c53838 _d53838 |
||